Competencia en la incertidumbre: estudio de caso en docentes de la Facultad de Administración de Empresa (Record no. 182277)
[ view plain ]
| 000 -CABECERA | |
|---|---|
| campo de control de longitud fija | 02552nab a2200313 a 4500 |
| 005 - FECHA Y HORA DE LA ÚLTIMA TRANSACCIÓN | |
| campo de control | 20250611094200.0 |
| 008 - ELEMENTOS DE LONGITUD FIJA--INFORMACIÓN GENERAL | |
| campo de control de longitud fija | 991125c2016 sp qr p o 000 0 spa d |
| 035 ## - NÚMERO DE CONTROL DEL SISTEMA | |
| Número de control de sistema | UPN01000210176 |
| 040 ## - FUENTE DE LA CATALOGACIÓN | |
| Centro catalogador/agencia de origen | MX-MxUPN |
| Lengua de catalogación | spa |
| Centro/agencia transcriptor | MX-MxUPN |
| Normas de descripción | aacr2 |
| 049 ## - COLECCIÓN | |
| Colección | ART-E |
| 100 1# - ASIENTO PRINCIPAL--NOMBRE PERSONAL | |
| Nombre de persona | Soler González, Rafael H. |
| 100 1# - ASIENTO PRINCIPAL--NOMBRE PERSONAL | |
| Filiación | rsoler@espoch.edu.ec |
| 100 1# - ASIENTO PRINCIPAL--NOMBRE PERSONAL | |
| Nombre de persona | Andrade Merino, Raúl |
| 100 1# - ASIENTO PRINCIPAL--NOMBRE PERSONAL | |
| Filiación | r_andrade@espoc.edu.ec |
| 100 1# - ASIENTO PRINCIPAL--NOMBRE PERSONAL | |
| Nombre de persona | Oñate Andino, Alejandra |
| 100 1# - ASIENTO PRINCIPAL--NOMBRE PERSONAL | |
| Filiación | monate@espoch.edu.ec |
| 245 10 - MENCIÓN DE TÍTULO | |
| Título | Competencia en la incertidumbre: estudio de caso en docentes de la Facultad de Administración de Empresa |
| 506 0# - NOTA DE RESTRICCIONES AL ACCESO | |
| Limitaciones de acceso | Acceso abierto |
| 520 3# - NOTA DE RESUMEN, ETC. | |
| Sumario, etc. | Este artículo es el producto de una investigación realizada en la Facultad de Administración de Empresa (FADE) de la Escuela Superior Politécnica de Chimborazo (ESPOCH), situada en la ciudad de Riobamba, respecto de las competencias del grupo de docentes de la citada facultad. Las competencias de las personas poseen aspectos que no es posible medir con herramientas determinísticas empleadas en la mayoría de los casos. Esta situación crea un problema, pues no permite conocer el lado intangible de las competencias que caracterizan a un trabajador y sus posibles falencias. Esta problemática es crítica en el caso de los docentes de cualquier tipo de educación; por tal motivo, el objetivo de este trabajo es presentar una metodología para medir las competencias de los docentes de la Facultad de Administración de Empresas (FADE) y tomar las estrategias más eficaces para el mejoramiento académico. Este trabajo fue realizado en el año 2014 como parte del trabajo final de pregrado de seis alumnas y liderado por los autores y autora de este artículo. El resultado obtenido fue la determinación del grado de competencia de 161 docentes, así como los grados de competencias de las Escuelas y la Facultad, dejando el camino expedito para la elaboración de estrategias de mejora continua. Los resultados obtenidos demuestran la necesidad de cambiar los métodos deterministas de evaluación del docente, pues no reflejan la realidad de la práctica académica en la FADE. |
| 650 #4 - ASIENTO SECUNDARIO DE MATERIA - TERMINO TEMATICO | |
| Término de materia o nombre geográfico como elemento de entrada | Educación superior |
| 9 (RLIN) | 32 |
| 653 0# - TERMINO DE INDIZACION - NO CONTROLADO | |
| Término no controlado | Competencias docentes |
| 653 0# - TERMINO DE INDIZACION - NO CONTROLADO | |
| Término no controlado | Lógica difusa |
| 653 0# - TERMINO DE INDIZACION - NO CONTROLADO | |
| Término no controlado | Distancias relativas de haming |
| 773 ## - ENLACE AL DOCUMENTO FUENTE/ENTRADA DE REGISTRO ANFITRIÓN | |
| Parte(s) relacionada(s) | Vol. 16, no. 2 (2016), p. 1-24 |
| Título | Actualidades investigativas en educación |
| Número Internacional Normalizado para Publicaciones Seriadas | 1409-4703 |
| 856 4# - LOCALIZACIÓN Y ACCESO ELECTRÓNICOS | |
| Identificador Uniforme del Recurso | <a href="https://www.redalyc.org/journal/447/44745615008/html/">https://www.redalyc.org/journal/447/44745615008/html/</a> |
| 902 ## - ELEMENTOS DE DATOS B LOCAL, LDB (RLIN) | |
| Creó | Gloria Jiménez/110625 |
| 905 ## - TIPO DE MATERIAL | |
| Tipo de material | Articulo |
| 942 ## - ELEMENTOS DE PUNTO DE ACCESO ADICIONAL (KOHA) | |
| Tipo de ítem Koha | Artículo Electrónico |
| Estado de retiro | Estado de pérdida | Estado dañado | No para préstamo | Código de colección | Localización permanente | Ubicación/localización actual | Ubicación en estantería | Fecha de adquisición | Total de préstamos | Fecha visto por última vez | Identificador Uniforme del Recurso | Precio válido a partir de | Tipo de ítem Koha |
|---|---|---|---|---|---|---|---|---|---|---|---|---|---|
| Acceso abierto | Bib. Gregorio Torres Quintero | Bib. Gregorio Torres Quintero | En línea | 11/06/2025 | 11/06/2025 | https://www.redalyc.org/journal/447/44745615008/html/ | 11/06/2025 | Artículo Electrónico |
